000 00829nam a2200265 a 4500
008
020 _a1870784073
049 _aMAIN
090 _aHC79.C3
245 0 0 _aCapital goods, technological change and accumulation in Nigeria /
_cedited by Akin Fadahunsi and B.U.N. Igwe.
260 _aLondon :
_bCODESRIA,
_c1989.
300 _ax, 204 p. ;
_c22 cm.
504 _aIncludes bibliographical references.
500 _aIncludes index.
650 0 _aTechnological innovations
_zNigeria.
650 0 _aIndustrial equipment
_zNigeria.
650 0 _aNigeria
_xEconomic conditions.
700 1 _aFadahunsi, Akin.
700 1 _aIgwe, B. U. N.
907 _a.b10009474
_b04-07-03
_c17-04-03
003
005 20230123133121.0
040 _cNUST
942 _cBOOKS
_kHC79.C3
999 _c143025
_d143025